Statystyki dla 10 Największych Miast Województwa Śląskiego

Kliknij tutaj aby rozwiązać quiz!

Ogólne statystyki

  • Ten quiz został rozwiązany 1 658 razy
  • Średni wynik to 8 z 10

Statystyki odpowiedzi

Lp.Liczba LudnościMiasto% Poprawnych
1.303,314Katowice
100%
4.184,993Gliwice
87%
5.177,815Zabrze
86%
3.210,249Sosnowiec
85%
2.231,527Częstochowa
84%
7.172,762Bytom
75%
6.173,462Bielsko-Biała
71%
10.128,698Tychy
70%
8.141,090Ruda Śląska
65%
9.140,094Rybnik
65%

Rozkład punktacji

Percentyl według liczby udzielonych odpowiedzi

Procent ludzi z każdym wynikiem

Twoja historia wyników

Nie rozwiązałeś tego quizu